Statistics for Authors of Classic Literature

Click here to take the quiz!

General Stats

  • This quiz has been taken 652 times
  • The average score is 8 of 15

Answer Stats

Hint Answer % Correct
Pride and PrejudiceJane Austen
93%
1984George Orwell
89%
Of Mice and MenJohn Steinbeck
78%
The Picture of Dorian GrayOscar Wilde
75%
Moby DickHerman Melville
73%
DraculaBram Stoker
70%
The Scarlet LetterNathaniel Hawthorne
60%
Heart of DarknessJoseph Conrad
57%
Lord of the FliesWilliam Golding
54%
Slaughterhouse FiveKurt Vonnegut
50%
As I Lay DyingWilliam Faulkner
25%
Invisible ManRalph Ellison
21%
Crime and PunishmentFyodor Dostoevsky
17%
The AwakeningKate Chopin
14%
Anne of Green GablesLucy Maude Montgomery
6%

Score Distribution

Percentile by Number Answered

Percent of People with Each Score

Your Score History

You have not taken this quiz